|
|
|
|
| LEADER |
00000nam a2200000 a 4500 |
| 001 |
vtls008313579 |
| 003 |
SK-MaSNL |
| 005 |
20260301225951.0 |
| 008 |
230403s1961 xo slo |
| 015 |
|
|
|a SNBA1961/02-00197
|
| 035 |
|
|
|a SK01SNK19610005796
|
| 035 |
|
|
|a urn:nbn:sk:snk-amlpxj
|
| 035 |
|
|
|a urn:nbn:sk:snk-am00c23t
|
| 035 |
|
|
|a D7C2911D-38F2-44C3-9278-5705E3D2578B
|
| 035 |
|
|
|a SKM000008259
|
| 040 |
|
|
|a SNK
|b slo
|c SNK
|e AACR2
|
| 041 |
0 |
|
|a slo
|
| 044 |
|
|
|a xo
|c SK
|
| 080 |
|
|
|a 885.4-9:908.47
|2 1981
|
| 100 |
1 |
|
|a Karvaš, Peter,
|d 1920-1999
|4 aut
|9 103066
|
| 245 |
1 |
0 |
|a Výlet na juh
|c Peter Karvaš ; [ilustroval Jozef Študrík]
|
| 260 |
|
|
|a Bratislava
|b Slovenské vydavateľstvo politickej literatúry
|c 1960
|
| 300 |
|
|
|a 120, [2] s.
|c 8°
|
| 500 |
|
|
|a Frontispice. Predsádky
|
| 650 |
0 |
7 |
|a reportáže cestopisné slovenské
|2 SNK
|9 620197
|
| 651 |
|
7 |
|a Kaukaz (pohorie)
|2 SNKPH
|9 56234
|
| 655 |
|
7 |
|a umelecká literatúra
|2 SNKPH
|9 60405
|
| 700 |
1 |
|
|a Šturdík, Jozef,
|d 1920-1992
|4 ill
|9 90957
|
| 852 |
|
|
|a Slovenská národná knižnica
|
| 954 |
|
|
|a beletria pôvodná (slovenská)
|2 lita
|
| 958 |
|
|
|a OND
|
| 958 |
|
|
|a EUIPO
|
| 999 |
|
|
|c 952985
|d 954915
|
| 952 |
|
|
|a SNK
|b SNK
|y PREZ
|7 0
|p 17A0683373
|o snkSD 19568
|i snkKSP 4794/60
|0 0
|1 0
|4 0
|d 2011-01-11
|f 1
|l 0
|r 2025-12-03 00:00:00
|w 2026-02-24
|
| 952 |
|
|
|a SNK
|b SNK
|y VYP
|7 0
|p 17A0019044
|o snkSD 19568 D1
|i snkKSP 4795/60
|0 0
|1 0
|4 0
|d 2011-01-11
|l 0
|r 2026-02-24 09:54:18
|w 2026-02-24
|
| 952 |
|
|
|a SNKLM
|b SNKLM
|y NEVYP
|7 0
|o snklmMK 3558
|8 3
|0 0
|1 0
|4 0
|d 2011-01-11
|l 0
|r 2026-02-24 09:54:18
|w 2026-02-24
|